Normal view
MARC view
- Editor
Entry Personal Name
001 - CONTROL NUMBER
- control field: 93053
003 - CONTROL NUMBER IDENTIFIER
- control field: OSt
005 - DATE AND TIME OF LATEST TRANSACTION
- control field: 20220810153212.0
008 - FIXED-LENGTH DATA ELEMENTS
- fixed length control field: 220810|| aca||aabn | a|a d
040 ## - CATALOGING SOURCE
- Original cataloging agency: OSt
- Transcribing agency: OSt
100 ## - HEADING--PERSONAL NAME
- Personal name: Editor
670 ## - SOURCE DATA FOUND
- Source citation: Work cat.: (OSt)57120: Editor., Nursing Journal of India , 1999